Équipe de France à la Coupe du monde 2022 - Statistiques

Statistiques générales
  • Ce quiz a été pris 169 fois
  • Le résultat moyen est 24 sur 27
Statistiques - réponses
Poste Numéro Jouer Club % Correct
Attaquant 7 Antoine Griezmann Atlético Madrid
100%
Gardien 1 Hugo Lloris Tottenham Hotspur
100%
Défenseur 2 Benjamin Pavard Bayern Munich
99%
Attaquant 10 Kylian Mbappé Paris Saint-Germain
99%
Défenseur 21 Lucas Hernández Bayern Munich
96%
Attaquant 9 Olivier Giroud AC Milan
96%
Défenseur 22 Théo Hernández AC Milan
96%
Attaquant 19 Karim Benzema Real Madrid
95%
Attaquant 11 Ousmane Dembélé FC Barcelone
95%
Défenseur 4 Raphaël Varane Manchester United
95%
Gardien 16 Steve Mandanda Stade Rennais
95%
Sélectionneur / Didier Deschamps \
93%
Milieu 8 Aurélien Tchouaméni Real Madrid
92%
Milieu 14 Adrien Rabiot Juventus FC
91%
Gardien 23 Alphonse Aréola West Ham
89%
Milieu 25 Eduardo Camavinga Real Madrid
89%
Défenseur 5 Jules Koundé FC Barcelone
89%
Attaquant 20 Kingsley Coman Bayern Munich
89%
Attaquant 12 Randal Kolo Muani Eintracht Francfort
89%
Défenseur 18 Dayot Upamecano Bayern Munich
88%
Attaquant 26 Marcus Thuram Borussia Mönchengladbach
88%
Milieu 6 Mattéo Guendouzi Olympique de Marseille
87%
Milieu 15 Jordan Veretout Olympique de Marseille
85%
Défenseur 24 Ibrahima Konaté Liverpool
84%
Défenseur 17 William Saliba Arsenal
77%
Milieu 13 Youssouf Fofana AS Monaco
77%
Défenseur 3 Axel Disasi AS Monaco
71%
Aucun quiz correspondant
Distribution des résultats
% des personnes avec chaque résultat
Percentile par nombre de réponses
Votre historique - résultats
Vous n’avez pas pris ce quiz